100 Famous Cities in Oceania on a Map - Statistics

General Stats
  • This quiz has been taken 227 times
  • The average score is 46 of 106
Answers on the Map
Answers color-coded by a green-red scale on the quiz's map according to % correct below.
 
Answer Stats
Country or Territory Cityquiz Mention Rate Wiki Monthly Views Answers % Correct
Australia 57.85% 129724 Perth
99%
New Zealand 49.26% 104817 Wellington
99%
Australia 40.99% 102317 Adelaide
97%
Australia 74.29% 285164 Sydney
97%
New Zealand 45.69% 142407 Auckland
96%
Australia 57.66% 165182 Canberra
95%
Australia 61.11% 230584 Melbourne
95%
Papua New Guinea 30.58% 38797 Port Moresby
95%
Australia 44.21% 129522 Brisbane
94%
Australia 39.13% 59209 Darwin
93%
New Zealand 29.34% 66087 Christchurch
90%
Fiji 20.33% 24528 Suva
89%
Australia 27.01% 45487 Hobart
87%
Australia 25.8% 65262 Gold Coast
86%
Samoa 14.48% 18479 Apia
85%
Australia 25.84% 42866 Alice Springs
83%
Vanuatu 13.52% 14504 Port Vila
76%
Australia 17.86% 38312 Cairns
75%
Solomon Islands 12.9% 14514 Honiara
75%
Tonga 11.52% 15592 Nukuʻalofa
75%
Nauru 12.56% 10275 Yaren
75%
Marshall Islands 10.97% 18805 Majuro
74%
Kiribati 11.06% 9510 South Tarawa
74%
Federated States of Micronesia 11.06% 9669 Palikir
72%
Tuvalu 12.19% 22968 Funafuti
71%
Palau 11.21% 11297 Ngerulmud
69%
Australia 31.51% 24843 Newcastle
68%
Australia 0.0% 12196 Sunshine Coast
67%
Australia 11.34% 20436 Wollongong
65%
Australia 13.83% 21319 Townsville
63%
New Caledonia 7.6% 29841 Nouméa
60%
New Zealand 8.68% 18823 Hamilton
55%
New Zealand 6.85% 32587 Dunedin
54%
Papua New Guinea 3.9% 6326 Lae
50%
Australia 10.35% 16683 Geelong
46%
Australia 7.89% 13963 Launceston
46%
French Polynesia 5.67% 33553 Papeete
46%
Australia 6.63% 14401 Toowoomba
44%
Palau 2.97% 6793 Koror
43%
American Samoa 4.63% 16767 Pago Pago
42%
New Zealand 4.03% 12989 Nelson
41%
New Zealand 2.64% 14257 Tauranga
40%
New Zealand 4.68% 25642 Queenstown
39%
Australia 6.25% 10114 Rockhampton
39%
Northern Mariana Islands 4.51% 1804 Capitol Hill/Saipan
38%
Australia 5.76% 16823 Ballarat
37%
New Zealand 2.92% 14580 Invercargill
37%
Australia 5.81% 12913 Bendigo
36%
Australia 5.15% 8633 Mackay
34%
New Zealand 1.53% 9819 Palmerston North
34%
New Zealand 2.18% 15860 Rotorua
32%
Christmas Island 2.36% 7035 Flying Fish Cove
31%
Guam 3.67% 13650 Hagåtña
31%
Australia 7.12% 13697 Wagga Wagga
31%
Australia 6.34% 13381 Broome
30%
Australia 3.7% 8313 Mount Isa
30%
New Zealand 2.08% 11388 Napier
30%
New Zealand 1.11% 4119 Lower Hutt
29%
Australia 9.84% 9041 Albany
28%
Australia 3.8% 11783 Kalgoorlie
28%
Fiji 2.08% 7763 Nadi
28%
Australia 5.19% 7747 Albury
27%
Niue 3.13% 6611 Alofi
26%
Norfolk Island 14.35% 3694 Kingston
26%
Cocos (Keeling) Island 1.66% 3797 West Island
26%
New Zealand 1.55% 9767 Whangārei
26%
Australia 4.19% 6413 Bunbury
25%
Australia 3.8% 7880 Geraldton
25%
Federated States of Micronesia 0.73% 4772 Weno
25%
Australia 3.51% 7535 Bundaberg
24%
New Zealand 1.25% 7404 Gisborne
24%
New Zealand 2.09% 4494 Hastings
24%
Australia 2.89% 6907 Port Hedland
24%
Cook Islands 2.5% 6161 Avarua
23%
Australia 4.31% 12050 Broken Hill
23%
Australia 3.29% 14577 Fremantle
23%
Fiji 0.56% 3356 Lautoka
23%
Australia 3.95% 7036 Mildura
23%
Australia 2.66% 6173 Mount Gambier
23%
Australia 4.03% 7732 Port Macquarie
22%
Australia 4.29% 9287 Coffs Harbour
21%
Australia 4.58% 7181 Dubbo
21%
French Polynesia 0.6% 4217 Faʻaʻā
21%
New Zealand 1.84% 8558 New Plymouth
21%
Australia 7.05% 8056 Orange
21%
New Zealand 1.13% 5340 Taupō
21%
Australia 2.57% 5638 Shepparton
20%
New Zealand 0.66% 6526 Whanganui
20%
Australia 3.97% 26685 Coober Pedy
19%
Papua New Guinea 0.51% 2456 Mount Hagen
19%
Australia 3.36% 5689 Port Augusta
19%
Australia 5.41% 5224 Ipswich
18%
Vanuatu 2.1% 1898 Luganville
18%
New Zealand 1.04% 5345 Blenheim
17%
Australia 2.48% 6459 Esperance
17%
Australia 3.3% 5330 Katherine
17%
Wallis and Futuna 2.0% 4969 Mata Utu
17%
Papua New Guinea 0.99% 18597 Rabaul
17%
Australia 1.72% 5417 Hervey Bay
16%
Papua New Guinea 0.89% 2504 Madang
16%
Australia 4.07% 8100 Bathurst
15%
Australia 4.34% 27357 Byron Bay
15%
Australia 2.91% 6766 Tamworth
15%
New Zealand 0.72% 4909 Timaru
13%
Tokelau 0.59% 3536 Atafu
9%
Solomon Islands 0.19% 3809 Tulagi
6%
No matching quizzes found
Score Distribution
Percent of People with Each Score
Percentile by Number Answered
Your Score History
You have not taken this quiz